[Event "San Sebastian op 38th"]
[Site "San Sebastian"]
[Date "2015.03.29"]
[Round "2"]
[White "Pastor Pons, Pedro Maria"]
[Black "Carrascal Rosal, Alberto"]
[Result "1-0"]
[WhiteElo "2147"]
[BlackElo "1884"]
[PlyCount "91"]
[EventDate "2015.03.28"]
[EventType "swiss"]
[EventRounds "9"]
[EventCountry "ESP"]
[SourceTitle "CBM 165 Extra"]
[Source "ChessBase"]
[SourceDate "2015.04.21"]
[SourceVersion "1"]
[SourceVersionDate "2015.04.21"]
[SourceQuality "1"]

1. e4 c5 2. Nc3 Nc6 3. Bb5 Nd4 4. Bc4 e6 5. Nge2 Ne7 6. a4 Nec6 7. d3 Be7 8. 0-0 0-0 9. f4 d6 10. Be3 Qb6 11. Qc1 a6 12. Rf2 Bf6 13. Ng3 Bh4 14. Nce2 Bd7 15. Nxd4 cxd4 16. Bd2 Ne7 17. a5 Qc5 18. b4 Qc7 19. Bb3 d5 20. Qb2 dxe4 21. dxe4 Bc6 22. Qxd4 Bf6 23. e5 Bh4 24. Re2 Bxg3 25. hxg3 Nf5 26. Qf2 h5 27. Be3 Rfe8 28. Bb6 Qc8 29. Rd2 Ne7 30. Rad1 Nd5 31. Qc5 Nxb6 32. Qxb6 Be4 33. c4 Qc6 34. Qe3 Bf5 35. Rd7 Qe4 36. Kf2 Rac8 37. R7d4 Qc6 38. R1d2 Qc7 39. Rd7 Qc6 40. Qf3 g6 41. Ke3 Kf8 42. Qxc6 bxc6 43. c5 Rb8 44. R2d4 Rb5 45. Ba4 Reb8 46. Bxb5 1-0

[Event "Donostia Gipuzkoa-ch"]
[Site "San Sebastian"]
[Date "2012.11.10"]
[Round "4"]
[White "Carrascal Rosal, Alberto"]
[Black "Navascues Zabaleta, Jesus"]
[Result "1/2-1/2"]
[WhiteElo "1875"]
[BlackElo "1769"]
[PlyCount "92"]
[EventDate "2012.10.20"]
[EventType "swiss"]
[EventRounds "7"]
[EventCountry "ESP"]
[SourceTitle "EXT 2014"]
[Source "ChessBase"]
[SourceDate "2013.11.20"]
[SourceVersion "1"]
[SourceVersionDate "2013.11.20"]
[SourceQuality "1"]

1. e4 c5 2. Nf3 Nc6 3. d4 cxd4 4. Nxd4 g6 5. g3 Bg7 6. Ne2 Nf6 7. Bg2 d6 8. 0-0 Bg4 9. h3 Be6 10. Nbc3 0-0 11. Re1 Qd7 12. Nf4 Bc4 13. Be3 Rad8 14. Qd2 b6 15. b3 Ba6 16. Rab1 e6 17. Rbd1 Qc7 18. a4 Ne8 19. Nb5 Bxb5 20. axb5 Na5 21. Qd3 Qc3 22. Ne2 Qxd3 23. Rxd3 Nb7 24. c4 e5 25. Ra1 Na5 26. Bd2 Nb7 27. Bb4 Ra8 28. Nc3 Nc7 29. Rad1 Rfd8 30. Bxd6 Ne6 31. Rd5 Nxd6 32. Rxd6 Nd4 33. Rxd8+ Rxd8 34. Kf1 Kf8 35. Ne2 Ne6 36. Rd5 Ke7 37. h4 Nc5 38. b4 Nd3 39. c5 Rxd5 40. exd5 bxc5 41. bxc5 Nxc5 42. g4 Bf6 43. g5 Bg7 44. Nc3 Kd6 45. Ke2 f5 46. gxf6 Bxf6 1/2-1/2